Introduction to the Quantum world of Atoms and molucules (Record no. 8753)

MARC details
000 -LEADER
fixed length control field 00576nam a22001937a 4500
003 - CONTROL NUMBER IDENTIFIER
control field OSt
005 - DATE AND TIME OF LATEST TRANSACTION
control field 20240624130200.0
008 - FIXED-LENGTH DATA ELEMENTS--GENERAL INFORMATION
fixed length control field 240624b |||||||| |||| 00| 0 eng d
020 ## - INTERNATIONAL STANDARD BOOK NUMBER
International Standard Book Number 9810245653
040 ## - CATALOGING SOURCE
Transcribing agency MUST
082 ## - DEWEY DECIMAL CLASSIFICATION NUMBER
Classification number 539 DAH 2001
100 ## - MAIN ENTRY--PERSONAL NAME
Relator code Dahl, Jens
245 ## - TITLE STATEMENT
Title Introduction to the Quantum world of Atoms and molucules
260 ## - PUBLICATION, DISTRIBUTION, ETC. (IMPRINT)
Place of publication, distribution, etc. London
Name of publisher, distributor, etc. : World Scientific Publishing Co. pte Ltd
Date of publication, distribution, etc. , c2001
300 ## - PHYSICAL DESCRIPTION
Extent xii,460p.
Other physical details : ill
Dimensions ;22 cm
504 ## - BIBLIOGRAPHY, ETC. NOTE
Bibliography, etc includes index<br/>includes appendix
650 ## - SUBJECT ADDED ENTRY--TOPICAL TERM
Source of heading or term Quantum world of molecules and Atoms
942 ## - ADDED ENTRY ELEMENTS (KOHA)
Source of classification or shelving scheme Dewey Decimal Classification
Koha item type Open Shelf
Holdings
Withdrawn status Lost status Source of classification or shelving scheme Damaged status Not for loan Home library Current library Date acquired Source of acquisition Inventory number Total Checkouts Full call number Barcode Date last seen Price effective from Koha item type
    Dewey Decimal Classification     MUST Main Library MUST Main Library 24/06/2024 Donation 09/31279   539 DAH 2001 2024-21121 24/06/2024 24/06/2024 Open Shelf